| 000 | 00000nas 2200000za 4500 |
| 001 | 9.503325 |
| 003 | CaOODSP |
| 005 | 20221107133241 |
| 007 | cr ||||||||||| |
| 008 | 150406d20002004oncar p o f0 b0fre|d |
| 022 | |a1700-9529 |
| 040 | |aCaOODSP|bfre |
| 043 | |an-cn--- |
| 086 | 1 |aE77F-PDF |
| 110 | 1 |aCanada.|bAffaires étrangères et Commerce international. |bBureau des passeports. |
| 210 | 0 |aRapp. annu. |b(Can., Bur. passept., En ligne) |
| 222 | 0|aRapport annuel |b(Canada. Bureau des passeports. En ligne) |
| 240 | 10|aRapport annuel (En ligne) |
| 245 | 10|aRapport annuel |h[ressource électronique] / |cBureau des passeports. |
| 260 | |a[Ottawa] : |bBureau des passeports, |c[2000-2004] |
| 310 | |aAnnuel |
| 362 | 0 |a1999/2000-2003/2004. |
| 500 | |aChaque numéro comporte aussi un titre distinct. |
| 500 | |aPubl. aussi en anglais sous le titre : Annual report. |
| 515 | |aL'année d'activité se termine le 31 mars. |
| 691 | 07|aPasseport|2gcpds |
| 691 | 07|aRapport annuel|2gcpds |
| 775 | 08|tAnnual report |w(CaOODSP)9.506930 |
| 785 | 00|tRapport annuel |w(CaOODSP)9.502325 |